Design Through Verilog HDL (Record no. 6739)

MARC details
000 -LEADER
fixed length control field 00345nam a2200145Ia 4500
003 - CONTROL NUMBER IDENTIFIER
control field OSt
008 - FIXED-LENGTH DATA ELEMENTS--GENERAL INFORMATION
fixed length control field 191201s2017 xx 000 0 und d
082 ## - DEWEY DECIMAL CLASSIFICATION NUMBER
Classification number 621.392
Item number PAD
100 ## - MAIN ENTRY--PERSONAL NAME
Personal name PADMANABHAN, T.R.
245 #0 - TITLE STATEMENT
Title Design Through Verilog HDL
260 ## - PUBLICATION, DISTRIBUTION, ETC. (IMPRINT)
Place of publication, distribution, etc New Delhi
Name of publisher, distributor, etc Wiley India
Date of publication, distribution, etc 2017
300 ## - PHYSICAL DESCRIPTION
Extent 455
650 ## - SUBJECT ADDED ENTRY--TOPICAL TERM
Topical term or geographic name as entry element B.Tech(ECE)
942 ## - ADDED ENTRY ELEMENTS (KOHA)
Source of classification or shelving scheme Dewey Decimal Classification
Koha item type Text Books
Holdings
Withdrawn status Lost status Source of classification or shelving scheme Damaged status Not for loan Collection code Home library Current library Date acquired Source of acquisition Cost, normal purchase price Bill Number Total Checkouts Full call number Acc. no. / Barcode Date last seen Actual Cost, discounted price Bill Date Koha item type Date last borrowed Checked out
    Dewey Decimal Classification     B.Tech(ECE) PIET C-LIBRARY PIET C-LIBRARY 13/01/2018 Sneh prakashan Yamunanagar 619.00 IN-2696   621.392 PAD 30103 04/12/2019 414.73 19/12/2017 Text Books    
    Dewey Decimal Classification     B.Tech(ECE) PIET C-LIBRARY PIET C-LIBRARY 13/01/2018 International Book Centre 619.00 IN-2696 16 621.392 PAD 30104 14/05/2026 414.73 19/12/2017 Text Books 11/05/2026  
    Dewey Decimal Classification     B.Tech(ECE) PIET C-LIBRARY PIET C-LIBRARY 13/01/2018 International Book Centre 619.00 IN-2696 19 621.392 PAD 30105 15/05/2026 414.73 19/12/2017 Text Books 12/05/2026  
    Dewey Decimal Classification     B.Tech(ECE) PIET C-LIBRARY PIET C-LIBRARY 13/01/2018 International Book Centre 619.00 IN-2696 17 621.392 PAD 30106 18/05/2026 414.73 19/12/2017 Text Books 04/05/2026  
    Dewey Decimal Classification     B.Tech(ECE) PIET C-LIBRARY PIET C-LIBRARY 13/01/2018 International Book Centre 619.00 IN-2696 12 621.392 PAD 30107 09/02/2024 414.73 19/12/2017 Text Books 09/02/2024 07/08/2024

Design & Developed by: PIET Central Library
R70 Miles Stone Pattikalyana Samalkha Panipat 132102
mail ID :- [email protected], Phone No:- 0180-2569700 Ex.216